Estudios de derecho privado en homenaje al profesor Ramón Domínguez Aguila
Guardat en:
| Autors principals: | , , , , |
|---|---|
| Altres autors: | |
| Format: | Llibre |
| Idioma: | espanyol |
| Publicat: |
Santiago
Legal Publishing
2015
|
| Edició: | 1a. ed |
| Matèries: | |
| Etiquetes: |
Afegir etiqueta
Sense etiquetes, Sigues el primer a etiquetar aquest registre!
|
MARC
| LEADER | 00000cam a2200000 a 4500 | ||
|---|---|---|---|
| 001 | UCD0191 | ||
| 003 | CL-VaPUC | ||
| 008 | 151120e20150000cl |||||||||||||||||spa|d | ||
| 020 | |a 9789563467253 | ||
| 082 | 0 | 4 | |a 346 |b BAR |2 21 |
| 100 | 0 | |a Barría Paredes, Manuel Alejandro |e author |9 583215 | |
| 700 | 0 | |a Caprile Biermann, Bruno |e author |9 583216 | |
| 700 | 0 | |a Diez Schwerter, José Luis |e author |9 583217 | |
| 700 | |a Domínguez Hidalgo Carmen Aída |e autora |9 245688 | ||
| 700 | 0 | |a Pizarro Wilson, Carlos |e author |9 583218 | |
| 700 | 0 | |a Tapia Rodríguez, Mauricio |e author |9 583219 | |
| 245 | 1 | 0 | |a Estudios de derecho privado en homenaje al profesor Ramón Domínguez Aguila |
| 250 | |a 1a. ed | ||
| 300 | |a 797 p | ||
| 942 | |c BK | ||
| 945 | |d 20151120 13:39:00 |a dcastane | ||
| 260 | |a Santiago |b Legal Publishing |c 2015 | ||
| 650 | 0 | |a Derecho privado |9 258243 | |
| 650 | 0 | |a Homenajes |9 258192 | |
| 583 | |a last modification |c 20151120 13:39:00 |k Rodrigo Vera | ||
| 999 | |c 361806 |d 361804 | ||
| 952 | |0 0 |1 0 |3 erb |4 0 |6 346_000000000000000_BAR_2015 |7 0 |8 A |9 472484 |a BIBDER |b BIBDER |i 5251257 |l 1 |o 346 BAR 2015 |p 5251257 |r 2023-01-25 |s 2022-09-28 |w 2019-11-24 |y BK |z Catalogado en:20151120 |k DER | ||
| 952 | |0 0 |1 0 |3 erb |4 0 |6 346_000000000000000_BAR_2015 |7 0 |8 A |9 472485 |a BIBDER |b BIBDER |i 5298784 |o 346 BAR 2015 |p 5298784 |r 2023-01-25 |w 2019-11-24 |y BK |z Catalogado en:20160722 |k DER | ||